书目信息 |
| 题名: |
建筑工程项目管理
|
|
| 作者: | 任大鹏 , 车金枝 主编 | |
| 分册: | ||
| 出版信息: | 大连 大连理工大学出版社 2024 |
|
| 页数: | 248页 | |
| 开本: | 26cm | |
| 丛书名: | 新世纪普通高等教育土木工程类课程规划教材/李宏男总主编 土木工程类课程规划教材 | |
| 单 册: | ||
| 中图分类: | TU712.1 | |
| 科图分类: | ||
| 主题词: | 建筑工程--工程项目管理--高等教育--教材 | |
| 电子资源: | ||
| ISBN: | 978-7-5685-4596-9 | |
| 000 | 01100nam0 2200289 450 | |
| 001 | 012913640 | |
| 005 | 20240619154854.0 | |
| 010 | @a978-7-5685-4596-9@dCNY52.80 | |
| 100 | @a20240511d2024 em y0chiy0120 ea | |
| 101 | 0 | @achi |
| 102 | @aCN@b210000 | |
| 105 | @ay z 000yy | |
| 106 | @ar | |
| 200 | 1 | @a建筑工程项目管理@9jian zhu gong cheng xiang mu guan li@e微课版@f任大鹏,车金枝主编 |
| 205 | @a2版 | |
| 210 | @a大连@c大连理工大学出版社@d2024 | |
| 215 | @a248页@d26cm | |
| 225 | @a新世纪普通高等教育土木工程类课程规划教材/李宏男总主编 土木工程类课程规划教材 | |
| 300 | @a新世纪普通高等教育土木工程类课程规划教材/李宏男总主编 土木工程类课程规划教材 | |
| 330 | @a本书共10章,内容包括:建筑工程项目管理基本理论、建筑信息模型(BIM)与项目管理、建筑工程项目组织管理、建筑工程招标与投标管理、建筑工程项目进度管理等。 | |
| 586 | @a | |
| 606 | 0 | @a建筑工程@x工程项目管理@x高等教育@j教材 |
| 690 | @aTU712.1@v5 | |
| 701 | 0 | @a任大鹏@9ren da peng@f(1978~)@4主编 |
| 701 | 0 | @a车金枝@9che jin zhi@f(1982.7~)@4主编 |
| 801 | 0 | @aCN@c20240626 |
| 905 | @dTU712.1@eR444=2@f1@sTU712.1/R444=2@S@Z | |
| 建筑工程项目管理:微课版/任大鹏,车金枝主编.-2版.-大连:大连理工大学出版社,2024 |
| 248页;26cm.-(新世纪普通高等教育土木工程类课程规划教材/李宏男总主编 土木工程类课程规划教材) |
| 新世纪普通高等教育土木工程类课程规划教材/李宏男总主编 土木工程类课程规划教材 |
| ISBN 978-7-5685-4596-9:CNY52.80 |
| 本书共10章,内容包括:建筑工程项目管理基本理论、建筑信息模型(BIM)与项目管理、建筑工程项目组织管理、建筑工程招标与投标管理、建筑工程项目进度管理等。 |
| ● |
| 相关链接 |
|
|
|
正题名:建筑工程项目管理
索取号:TU712.1/R444=2
 
预约/预借
| 序号 | 登录号 | 条形码 | 馆藏地/架位号 | 状态 | 备注 |
| 1 | 21618132 | 216181325 | 建筑库201/201建筑库 23排2列2层/ [索取号:TU712.1/R444=2] | 在馆 |